书目信息 |
| 题名: |
房地产法律制度
|
|
| 作者: | 王世涛 , 张晓彤 编著 | |
| 分册: | ||
| 出版信息: | 大连 东北财经大学出版社 2000.04 |
|
| 页数: | 374页 | |
| 开本: | 32开 | |
| 丛书名: | ||
| 单 册: | ||
| 中图分类: | D922.181 | |
| 科图分类: | ||
| 主题词: | 法律--中国 | |
| 电子资源: | ||
| ISBN: | 7-81044-673-8 | |
| 000 | 00613nam0 2200205 45 | |
| 001 | 0011210821 | |
| 005 | 20001121084726.3 | |
| 010 | @a7-81044-673-8@d17.00元 | |
| 100 | @a20001121d2000 km y0chiy0120 ea | |
| 101 | 0 | @achi |
| 105 | @a z 000yy | |
| 200 | 1 | @a房地产法律制度@AFang Di Chan Fa Lu Zhi Du@f王世涛,张晓彤编著@FWang Shi Tao,Zhang Xiao Tong Bian Zhu |
| 210 | @a大连@c东北财经大学出版社@d2000.04 | |
| 215 | @a374页@d32开 | |
| 606 | 0 | @a法律@x中国 |
| 690 | @aD922.181@v3 | |
| 701 | 0 | @a王世涛@4编著 |
| 701 | 0 | @a张晓彤@4编著 |
| 801 | @aCN@bPftUser@c20001121 | |
| 905 | @b413948-949@dD922.181@eW847@f2 | |
| 房地产法律制度/王世涛,张晓彤编著.-大连:东北财经大学出版社,2000.04 |
| 374页;32开 |
| ISBN 7-81044-673-8:17.00元 |
| ● |
| 相关链接 |
|
|
|
正题名:房地产法律制度
索取号:D922.181/W847
 
预约/预借
| 序号 | 登录号 | 条形码 | 馆藏地/架位号 | 状态 | 备注 |
| 1 | 413948 | 204139486 | 社科库509/509社科库 85排8列6层/ [索取号:D922.181/W847] | 在馆 | |
| 2 | 413949 | 204139495 | 社科库509/509社科库 85排8列6层/ [索取号:D922.181/W847] | 在馆 |